000 01281nam a2200253Ia 4500
003 Ost
005 20260507075402.0
008 260507s9999||||xx |||||||||||||| ||und||
020 _a7564419779
040 _cfsecg
041 _aara
082 _a330
100 _aنجا، علي عبد الوهاب
_eمؤلف
245 0 _aإقتصاديات النقود والبنوك و الأسواق المالية /
_c علي عبد الوهاب نجا
260 _aالإسكندرية:
_bمكتبة الوفاء القانونية,
_c2014
300 _a350 صفحة؛
_bإيضاحات ؛
_c25 سم
520 _aيضم النقود"وظائفها-تطورها-أنواعها" ، النظام النقدي ، قياس العرض النقدي، الإئتمان ، النظام المالي ، تحديد معدلات الفائدة ، البنوك التجارية ، البنوك المتخصصة ، البنك المركزي ، نموذج التوازن الكلي ، فاعلية السياسات الإقتصادية ، التضخم
653 _aالأسواق المالية
653 _aالإقتصاد المالي
653 _aالبنوك
653 _aالنقود
700 _aغزلان، محمد عزت محمد
_eمؤلف ثانوي
942 _cكتاب
999 _c44283
_d44283